Vocabulaire en Anglais #1 (50 mots) - Statistiques

Statistiques générales
  • Ce quiz a été pris 164 fois
  • Le résultat moyen est 6 sur 50
Statistiques - réponses
Mot en français Réponse attendue en Anglais % Correct
partager / échanger share
67%
brûler / incendier burn
51%
meurtrier / assassin / tueur murderer
44%
une pensée / une réflexion / une idée a thought
42%
bizarre / étrange weird
40%
comportement / conduite / attitude behaviour
33%
un piège / une trappe a trap
23%
droit / directement straight
23%
ci-dessus / au-dessus above
20%
excité / chaud horny
19%
augmenter / accroître / améliorer increase
19%
la mâchoire the jaw
16%
déclencheur / déclenchement trigger
15%
une griffe, une pince, une patte a claw
12%
une longueur / une durée a length
10%
un couvercle / un bouchon a lid
10%
se permettre / s'offrir afford
9%
le lancement the launch
9%
une lutte / un combat a struggle
8%
intime / étroit / privé intimate
8%
une arnaque / une escroquerie / une fraude a scam
7%
un haussement d'épaules a shrug
6%
une écharde / un éclat a splinter
6%
une épave / un naufrage a wreck
6%
impeccable / parfait flawless
6%
blanchiment d'argent money laundering
6%
taquiner / titiller / embêter tease
6%
une couche a diaper
5%
un fauteuil / un canapé an armchair
5%
reprendre / repasser / refaire retake
5%
tremper / faire tremper / imbiber soak
5%
pleurnicher / se plaindre / geindre whine
5%
répéter / préparer / ressasser rehearse
4%
l'intestin the gut
4%
l'algue / le goémon the seaweed
4%
une rotule a kneecap
3%
pétillant / gazeux fizzy
3%
râler / grogner / se plaindre grumble
3%
gonflé / bouffi puffy
3%
soutenir / maintenir / entretenir sustain
3%
l'alcool the booze
3%
un vêtement / une confection / une pièce a garment
2%
un mec / un type / un gars / un vieillard a geezer
2%
un effort / une initiative an endeavour
2%
une bobine / un rouleau a reel
2%
une intrusion / une interdiction / une faute a trespass
2%
freiner / réduire / limiter curb
2%
grognon / grincheux / ronchon grouchy
2%
se cacher / rôder / se tapir lurk
2%
mal / une plaie / une douleur sore
2%
Aucun quiz correspondant
Distribution des résultats
% des personnes avec chaque résultat
Percentile par nombre de réponses
Votre historique - résultats
Vous n’avez pas pris ce quiz